01589nam a2200325 a 450000100100000000500170001000800410002704000250006808200220009310000250011524501050014026000360024530000210028149000290030250000730033150400320040459000260043661000450046265000290050765000220053665100660055870000350062483000360065991000380069595201340073395201340086795201200100195201250112199900170124600002094120240425141955.0100824s1986 dr 000 0 spa d aDO-SdBNPbspacBNPHU a322.2097293bO96d1 aOviedo, José9267110aDemocracia y proyecto socialdemócrata en República Dominicana /cJosé Oviedo, Rosario Espinal. aSanto Domingo :bTaller,c1986. a225 p. ;c21 cm.1 aBiblioteca taller ;v234 aIncluye referencias bibliográficas y notas al pie de las páginas aBibliografía : p. 221-225 aInventariado, 2018/BT20aPARTIDO REVOLUCIONARIO DOMINICANA943868 0aClase trabajadora914034 0aSindicatos931036 4aRepública DominicanaxCondiciones Económicasy1961-9734412aEspinal, Rosariod1955-943869 1aBiblioteca taller ;n234943870 aValidado. Control de calidad. MFF 001054708DSaGRbGRcHDd2011-03-03iLF1l0o322.2097293 O96dp20941-30r2020-06-25te.3w2020-06-25yLFDSZPréstamo en sala 001054708DSaGRbGRcHDd2018-05-18iLF1l0o322.2097293 O96dp20941-40r2020-06-25te.4w2020-06-25yLFDSZPréstamo en sala 0010718PDaPDbPDcHDd2010-08-24iLF1l0o322.2097293 O96dp20941-10r2020-06-25w2020-06-25yLFPDZNo se presta 0010718PDaPDbPDcHDd2011-02-17iLF1l0o322.2097293 O96dp20941-20r2020-06-25te.2w2020-06-25yLFPDZNo se presta c20444d20444